News limited : (Record no. 2787)

000 -LEADER
fixed length control field 01137cam a2200325 a 4500
001 - CONTROL NUMBER
control field 3284537
003 - CONTROL NUMBER IDENTIFIER
control field OSt
005 - DATE AND TIME OF LATEST TRANSACTION
control field 20180117085949.0
008 - FIXED-LENGTH DATA ELEMENTS--GENERAL INFORMATION
fixed length control field 831021s1981 enka b 000 0 eng
010 ## - LIBRARY OF CONGRESS CONTROL NUMBER
LC control number 82150056
020 ## - INTERNATIONAL STANDARD BOOK NUMBER
International Standard Book Number 0906890039 (pbk.) :
Terms of availability £3.25
020 ## - INTERNATIONAL STANDARD BOOK NUMBER
International Standard Book Number 0906890047 (hard) :
Terms of availability £9.50
040 ## - CATALOGING SOURCE
Original cataloging agency DLC
Transcribing agency DLC
Modifying agency DLC
043 ## - GEOGRAPHIC AREA CODE
Geographic area code e-uk---
050 00 - LIBRARY OF CONGRESS CALL NUMBER
Classification number PN5114
Item number .W46 1981
082 00 - DEWEY DECIMAL CLASSIFICATION NUMBER
Classification number 072
Edition number 19
100 1# - MAIN ENTRY--PERSONAL NAME
Personal name Whitaker, Brian,
Dates associated with a name 1947-
245 10 - TITLE STATEMENT
Title News limited :
Remainder of title why you can't read all about it /
Statement of responsibility, etc. Brian Whitaker ; preface by Tom Hopkinson.
260 ## - PUBLICATION, DISTRIBUTION, ETC.
Place of publication, distribution, etc. London :
Name of publisher, distributor, etc. Minority Press Group,
Date of publication, distribution, etc. 1981.
300 ## - PHYSICAL DESCRIPTION
Extent 176 p. :
Other physical details ill. ;
Dimensions 22 cm.
440 #0 - SERIES STATEMENT/ADDED ENTRY--TITLE
Title Minority Press Group series ;
Volume/sequential designation no. 5
500 ## - GENERAL NOTE
General note Title on cover: News ltd.
504 ## - BIBLIOGRAPHY, ETC. NOTE
Bibliography, etc. note Includes bibliographical references.
650 #0 - SUBJECT ADDED ENTRY--TOPICAL TERM
Topical term or geographic name entry element English newspapers.
650 #0 - SUBJECT ADDED ENTRY--TOPICAL TERM
Topical term or geographic name entry element Journalism
General subdivision Objectivity
Geographic subdivision Great Britain.
740 0# - ADDED ENTRY--UNCONTROLLED RELATED/ANALYTICAL TITLE
Uncontrolled related/analytical title News ltd.
906 ## - LOCAL DATA ELEMENT F, LDF (RLIN)
a 7
b cbc
c orignew
d 3
e ncip
f 19
g y-gencatlg
942 ## - ADDED ENTRY ELEMENTS (KOHA)
Source of classification or shelving scheme
Koha item type Book
Holdings
Withdrawn status Lost status Source of classification or shelving scheme Damaged status Not for loan Permanent Location Current Location Shelving location Date acquired Total Checkouts Full call number Barcode Date last seen Price effective from Koha item type
          Central Library (CL) Central Library (CL) First Floor - Journalism 03/18/2016   302.232 WHI S3H-N-305 03/18/2016 03/18/2016 Book
© 2023 Central Library, National University of Sciences and Technology. All Rights Reserved.